RAF Planes #2 - Statistics

General Stats
  • This quiz has been taken 1,328 times
    1,327 since last reset
  • The average score is 4 of 8
Answer Stats
Hint Answer % Correct
Hawker/VTOL Harrier
87%
C130 Hercules
87%
C-17A Globemaster
67%
SEPECAT Jaguar
58%
E-3D Sentry
43%
Vickers VC10
23%
R1 Sentinel
19%
Red Arrows BAe Hawk
18%
No matching quizzes found
Score Distribution
Percent of People with Each Score
Percentile by Number Answered
Your Score History
You have not taken this quiz since the last reset